| 000 | 01233cam a22003014a 4500 | ||
|---|---|---|---|
| 001 | 16602729 | ||
| 005 | 20140903113349.0 | ||
| 008 | 110107s2011 njua b 001 0 eng | ||
| 010 | _a 2010053522 | ||
| 020 | _a9781576603734 (cloth) | ||
| 040 |
_aDLC _cDLC _dDLC |
||
| 042 | _apcc | ||
| 050 | 0 | 0 |
_aHG 4638 _b.K58 2011 |
| 082 | 0 | 0 | _a332.63/2042 |
| 100 | 1 | _aKnuth, Elaine. | |
| 245 | 1 | 0 |
_aTrading between the lines : _bpattern recognition and visualization of markets / _cElaine Knuth. |
| 260 |
_aHoboken, N.J. : _bJohn Wiley & Sons, _cc2011. |
||
| 300 |
_axi, 222 p. : _bill. ; _c24 cm. |
||
| 490 | 0 | _aBloomberg financial series | |
| 505 | 0 | _aPerception and pattern: how mindset leads to understanding and action -- Visualizing the idea of what makes a price -- An upside reversal -- A downside reversal -- Price and repeating order. | |
| 521 | _aBSBA | ||
| 650 | 0 |
_aStocks _vCharts, diagrams, etc. |
|
| 650 | 0 |
_aStocks _xPrices _vCharts, diagrams, etc. |
|
| 650 | 0 | _aTechnical analysis (Investment analysis) | |
| 906 |
_a7 _bcbc _corignew _d1 _eecip _f20 _gy-gencatlg |
||
| 942 |
_2lcc _cBK _kFOR |
||
| 999 |
_c275368 _d275368 |
||